ბათუმის შოთა რუსთაველის სახელმწიფო უნივერსიტეტის ბიბლიოთეკა

The United Nations and Changind World Politics (ბიბ.ჩანაწერი № 45127)

000 -LEADER
fixed length control field 00594nam a2200229Ia 4500
001 - CONTROL NUMBER
control field 11950
003 - CONTROL NUMBER IDENTIFIER
control field GE_BSU
008 - FIXED-LENGTH DATA ELEMENTS--GENERAL INFORMATION
fixed length control field 181216s||||||||xx |||||||||||||| ||und||
020 ## - INTERNATIONAL STANDARD BOOK NUMBER
International Standard Book Number 9780813348476
040 ## - CATALOGING SOURCE
Transcribing agency GE_BSU
080 ## - UNIVERSAL DECIMAL CLASSIFICATION NUMBER
Universal Decimal Classification number 327.7
245 #4 - TITLE STATEMENT
Title The United Nations and Changind World Politics
245 ## - TITLE STATEMENT
Statement of responsibility, etc. Thomas G.Weiss, David P.Forsythe, Roger,A.Coate...
250 ## - EDITION STATEMENT
Edition statement Seventh Edition
260 ## - PUBLICATION, DISTRIBUTION, ETC.
Place of publication, distribution, etc. Philadelphia
260 ## - PUBLICATION, DISTRIBUTION, ETC.
Name of publisher, distributor, etc. Westview Press
260 ## - PUBLICATION, DISTRIBUTION, ETC.
Date of publication, distribution, etc. 2014
300 ## - PHYSICAL DESCRIPTION
Extent 422p.ill.
653 ## - INDEX TERM--UNCONTROLLED
Uncontrolled term The United Nations and Changind World Politics
942 ## - ADDED ENTRY ELEMENTS (KOHA)
Koha item type წიგნი
ეგზემპლარები
Withdrawn status Lost status Damaged status Not for loan Date acquired Barcode Date last seen Price effective from Koha item type
        2018-12-17 35949 2018-12-17 2018-12-17 წიგნი
        2018-12-17 35950 2018-12-17 2018-12-17 წიგნი